تعرض الأطفال لأشكال التنمر بالمسلسلات الكارتونية وعلاقته باتجاهاتهم نحوها / (رقم التسجيلة. 178542)
[ عرض عادي ]
| 000 -LEADER | |
|---|---|
| fixed length control field | 03707namaa22004211i 4500 |
| 003 - CONTROL NUMBER IDENTIFIER | |
| control field | OSt |
| 005 - أخر تعامل مع التسجيلة | |
| control field | 20260405113647.0 |
| 008 - FIXED-LENGTH DATA ELEMENTS--GENERAL INFORMATION | |
| fixed length control field | 250827s2025 ua a|||frm||| 000 0 eng d |
| 040 ## - CATALOGING SOURCE | |
| Original cataloguing agency | EG-GICUC |
| Language of cataloging | ara |
| Transcribing agency | EG-GICUC |
| Modifying agency | EG-GICUC |
| Description conventions | rda |
| 041 0# - LANGUAGE CODE | |
| Language code of text/sound track or separate title | ara |
| Language code of summary or abstract | ara |
| -- | eng |
| 049 ## - Acquisition Source | |
| Acquisition Source | إيداع |
| 082 04 - DEWEY DECIMAL CLASSIFICATION NUMBER | |
| Classification number | 741.5 |
| 092 ## - LOCALLY ASSIGNED DEWEY CALL NUMBER (OCLC) | |
| Classification number | 741.5 |
| Edition number | 21 |
| 097 ## - Degree | |
| Degree | مــــاجستير |
| 099 ## - LOCAL FREE-TEXT CALL NUMBER (OCLC) | |
| Local Call Number | Cai01.25.05.M.Sc.2025.دع.ت |
| 100 0# - MAIN ENTRY--PERSONAL NAME | |
| Authority record control number or standard number | ،دعاء عبد المعطى عنتر محمود |
| Preparation | إعداد. |
| 245 10 - TITLE STATEMENT | |
| Title | تعرض الأطفال لأشكال التنمر بالمسلسلات الكارتونية وعلاقته باتجاهاتهم نحوها / |
| Statement of responsibility, etc. | إعداد دعاء عبد المعطى عنتر محمود؛ إشراف أ.د/ حسن محمد على خليل، د/ رضوى صبرى عباس صيام. |
| 246 15 - VARYING FORM OF TITLE | |
| Title proper/short title | Children’s exposure to forms of bullying in cartoon series and its relationship to their attitudes towards it / |
| 264 #0 - PRODUCTION, PUBLICATION, DISTRIBUTION, MANUFACTURE, AND COPYRIGHT NOTICE | |
| Date of production, publication, distribution, manufacture, or copyright notice | 2025. |
| 300 ## - PHYSICAL DESCRIPTION | |
| Extent | 276 + ( 45) صفحة : |
| Other physical details | ملاحق ؛ |
| Dimensions | 30 cm. + |
| Accompanying material | CD. |
| 336 ## - CONTENT TYPE | |
| Content type term | text |
| Source | rda content |
| 337 ## - MEDIA TYPE | |
| Media type term | Unmediated |
| Source | rdamedia |
| 338 ## - CARRIER TYPE | |
| Carrier type term | volume |
| Source | rdacarrier |
| 502 ## - DISSERTATION NOTE | |
| Dissertation note | أطروحة (ماجستير)-جامعة القاهرة، 2025. |
| 504 ## - BIBLIOGRAPHY, ETC. NOTE | |
| Bibliography, etc. note | ببليوجرافيا: صفحات 266-276. |
| 520 ## - SUMMARY, ETC. | |
| Summary, etc. | يشتمل على مقدمة الدراسة، ومشكلة الدراسة، وأهمية الدراسة، وأهداف الدراسة، والدراسات السابقة، ومصطلحات الدراسة، وتساؤلات الدراسة وفروضها، والإطار النظري للدراسة، والإجراءات المنهجية للدراسة ووصف لأدوات الدراسة وبنائها وصدقها وثباتها. - الفصل الثاني (تعرض الأطفال لأشكال التنمر بالمسلسلات الكارتونية)- الفصل الثالث (اتجاهات الأطفال نحو مشاهد التنمر بالمسلسلات الكارتونية) - الفصل الرابع (مناقشة نتائج الدراسة ومقترحاتها):يتناول نتائج الدراسة ومناقشتها وتفسيرها والخلاصة وأهم نتائج ومقترحات الدراسة. |
| 520 ## - SUMMARY, ETC. | |
| Summary, etc. | 1.Chapter One (The Study Methodological and Theoretical Framework) It includes the introduction to the study, the problem, significance, and objectives of the study, previous studies, the cultural cultivation theory, its terminology, the study questions and hypotheses, the study methodology, and tools of the study.2.Chapter Two (Children's Exposure to Forms of Bullying in Cartoon Series).<br/>3.Chapter Three (Cartoon Series and Children's Attitudes Towards Them).4.Chapter Four (Study Results Discussion and Suggestions):It discusses the results of the study, its discussion, interpretation, conclusion |
| 530 ## - ADDITIONAL PHYSICAL FORM AVAILABLE NOTE | |
| Issues CD | صدر أيضًا كقرص مدمج. |
| 546 ## - LANGUAGE NOTE | |
| Text Language | النص بالعربية والملخص باللغة الإنجليزية والعربية. |
| 650 #7 - SUBJECT ADDED ENTRY--TOPICAL TERM | |
| Topical term or geographic name entry element | الرسوم الكرتونية |
| Source of heading or term | qrmak |
| 653 #0 - INDEX TERM--UNCONTROLLED | |
| Uncontrolled term | تعرض |
| -- | المسلسلات الكارتونية |
| -- | أشكال التنمر |
| 700 0# - ADDED ENTRY--PERSONAL NAME | |
| Personal name | حسن محمد على خليل |
| Relator term | مشرف أطروحة. |
| 700 0# - ADDED ENTRY--PERSONAL NAME | |
| Personal name | رضوى صبرى عباس صيام |
| Relator term | مشرف أطروحة. |
| 900 ## - Thesis Information | |
| Grant date | 09-01-2025 |
| Supervisory body | حسن محمد على خليل |
| -- | رضوى صبرى عباس صيام |
| Discussion body | اعتماد خلف معبد |
| -- | ماجدة محمد عبد العزيز مراد |
| Universities | جامعة القاهرة |
| Faculties | كلية التربية النوعية |
| Department | قسم الإعلام التربوي |
| 905 ## - Cataloger and Reviser Names | |
| Cataloger Name | Sara Salah |
| Reviser Names | Afaf |
| 942 ## - ADDED ENTRY ELEMENTS (KOHA) | |
| Source of classification or shelving scheme | Dewey Decimal Classification |
| Koha item type | Thesis |
| Edition | 21 |
| Suppress in OPAC | No |
| Source of classification or shelving scheme | Home library | Current library | Date acquired | Inventory number | Full call number | Barcode | Date last seen | Effective from | Koha item type |
|---|---|---|---|---|---|---|---|---|---|
| Dewey Decimal Classification | المكتبة المركزبة الجديدة - جامعة القاهرة | قاعة الرسائل الجامعية - الدور الاول | 17.02.2026 | 32989 | Cai01.25.05.M.Sc.2025.دع.ت | 01010100032989000 | 17.02.2026 | 17.02.2026 | Thesis |